LEADER 01149nam a2200241 i 4500 001 000000218420 003 CaOOAMICUS 005 20130201000000.0 008 130201s2002 it u000 u ita u 013 $a197317 040 $aSeMil$bita 245 10$aAtti degli apostoli /$cnuovissima versione dai testi originali e introduzione di Carlo Maria Martini. 250 $a[2. ed.]. 260 $aCinisello Balsamo :$bSan Paolo,$c2002. 300 $a318 p. :$bill. ;$c10 cm. 500 $aTitolo della custodia : Lo Spirito Santo ti guiderą!. - Miniature tratte dal Codice Acta Sanctorum pictis imaginibus adornata (Vat. Lat. 8541). - In custodia. 650 4$aBibbia - NT - Atti degli Apostoli.$0(OLS)http://semarc/subject/2882 700 1 $aMartini, Carlo Maria,$c.$0(OLS)http://semarc/name/89159 850 $aSeMil 852 $aSeMil$W1$xVenegono$y1$m2F II 581$j168830$B168830$CSeMilBibl$Z2$F179704 $8B 961 $aAcquisto: IBS - Internet Bookshop Italia 996 $6245$aAtti degli apostoli$9(OLS)http://semarc/title/41332 996 $6260$aCinisello Balsamo :$bSan Paolo$9(OLS)http://semarc/publisher/30129 LEADER 00884nam a2200205 i 4500 001 000000053054 003 CaOOAMICUS 005 20130412000000.0 008 130412s1895 xx u000 u lat u 013 $a24226 040 $aSeMil$bita 100 1 $aArndt, Augustin .$0(OLS)http://semarc/name/13530 245 13$aDe libris prohibitis commentarii /$cauctore Augustino Arndt. 260 $aRatisbonae [etc.] :$bSumptibus et typis Friderici Pustet,$c1895. 300 $aVI, 316 p. ;$c25 cm. 650 4$aCensura libraria - Indice dei libri proibiti.$0(OLS)http://semarc/subject/436 850 $aSeMil 852 $aSeMil$W1$xVenegono$y1$m2H III 72 FA$j19208$B19208$CSeMilBibl$Z2$F19210 $8I 996 $6245$aDe libris prohibitis commentarii$9(OLS)http://semarc/title/81627 996 $6260$aRatisbonae [etc.] :$bSumptibus et typis Friderici Pustet$9(OLS)http://semarc/publisher/41532 LEADER 01401nam a2200241 i 4500 001 000000029663 003 CaOOAMICUS 005 20260324145524.0 008 180830s1903 gw u000 u und u 040 $aSeMil$bita 245 14$aDie Heilige Schrift des Alten und Neuen Testamentes /$cmit dem Urtexte der Vulgata als 10. Auflage des Alliolischen Bibelwerkes herausgegeben von Augustin Arndt mit approbation des heiligen apostolischen Stuhles. 246 01$aBiblia Sacra Vulgatae Editionis Sixti V. Pontificis Maximi Jussu Recognita et Clementis 8. auctoritate edita nunc novissime ad exemplar vaticanum expressa [editio secunda, 1903] 260 $aRegensburg :$bPustet,$c1903. 300 $a3 v. ;$c26 cm. 650 4$aBibbia - Traduzioni tedesche.$0(OLS)http://semarc/subject/4778 700 1 $aArndt, Augustin .$0(OLS)http://semarc/name/13530 774 0 $t1. Band.$g1$w()228586 774 0 $t2. Band.$g2$w()228587 774 0 $t3. Band.$g3$w()228588 996 $6245$aDie Heilige Schrift des Alten und Neuen Testamentes$9(OLS)http://semarc/title/40309 996 $6246$aBiblia Sacra Vulgatae Editionis Sixti V. Pontificis Maximi Jussu Recognita et Clementis 8. auctoritate edita nunc novissime ad exemplar vaticanum expressa [editio secunda, 1903]$9(OLS)http://semarc/title/40310 996 $6260$aRegensburg :$bPustet$9(OLS)http://semarc/publisher/31833